Normal view
MARC view
- Balkan Yarımadası
Entry Geographic Name
001 - CONTROL NUMBER
- control field: 150645
003 - CONTROL NUMBER IDENTIFIER
- control field: TR-AnTOB
005 - DATE AND TIME OF LATEST TRANSACTION
- control field: 20251107134817.0
008 - FIXED-LENGTH DATA ELEMENTS
- fixed length control field: 161230n|eazznnaab| |a aaa
035 ## - SYSTEM CONTROL NUMBER
- System control number: (TR-AnTOB)
040 ## - CATALOGING SOURCE
- Original cataloging agency: TR-AnTOB
- Transcribing agency: TR-AnTOB
- Subject heading/thesaurus conventions: etuturkob
151 #7 - HEADING--GEOGRAPHIC NAME
- Geographic name: Balkan Yarımadası
- Form subdivision: Bibliyografya
451 ## - SEE FROM TRACING--GEOGRAPHIC NAME
- Geographic name: Balkan Peninsula
- Form subdivision: Bibliography
688 ## - APPLICATION HISTORY NOTE
- Institution to which field applies: TR-AnTOB
- Application history note: ET 07.11.2025



